| 000 | 01442nam a2200349 a 4500 | ||
|---|---|---|---|
| 003 | MX-MxUPN | ||
| 005 | 20221129160423.0 | ||
| 008 | 200212t2018 mx rb 000 0 spa d | ||
| 020 | _a9786078611034 | ||
| 035 | _aUPN01000235542 | ||
| 040 |
_aMX-MxUPN _bspa _cMX-MxUPN |
||
| 041 | 0 | _aspa | |
| 050 | 0 | 0 |
_aZ211 M6 _bM67 2018 |
| 100 | 1 |
_aMoreno Gamboa, Olivia _947502 |
|
| 245 | 1 | 4 |
_aLas letras y el oficio : _bnovohispanos en la imprenta : México y Puebla, siglo XVIII |
| 250 | _aPrimera edición. | ||
| 260 |
_aCiudad de México : _bUniversidad Nacional Autónoma de México : _bInstituto de Investigaciones Dr. José María Luis Mora, _c©2018. |
||
| 300 | _a332 páginas | ||
| 490 | 0 |
_aEdiciones especiales ; _v92 |
|
| 504 | _aIncluye referencias bibliográficas. | ||
| 650 | 4 |
_aImprenta _zCiudad de México _xHistoria _ySiglo XVIII _947494 |
|
| 650 | 4 |
_aImprenta _zPuebla _xHistoria _ySiglo XVIII _947495 |
|
| 650 | 4 |
_aLibros _zCiudad de México _xHistoria _ySiglo XVIII _947496 |
|
| 650 | 4 |
_aLibros _zPuebla _xHistoria _ySiglo XVIII _947497 |
|
| 650 | 4 |
_aLibros _xIndustria y comercio _xHistoria _zCiudad de México _ySiglo XVIII _947498 |
|
| 650 | 4 |
_aLibros _xIndustria y comercio _xHistoria _zPuebla _ySiglo XVIII _947499 |
|
| 651 | 4 |
_aCiudad de México _xImpresos _xHistoria _ySiglo XVIII _947500 |
|
| 651 | 4 |
_aPuebla _xImpresos _xHistoria _ySiglo XVIII _947501 |
|
| 902 | _aVíctor Ruiz/291122 | ||
| 942 |
_2lcc _cLIBRO |
||
| 999 |
_c207637 _d207637 |
||